000
00320nam a22001457a 4500
008
210302b ||||| |||| 00| 0 eng d
020
_a
2900205648350
041
_a
eng
080
_2
3rd
_a
070
082
_a
070
100
_a
39
101
_a
MED
245
_a
Public Speaking Handbook
_c
Beebe, S. A
942
_2
udc
_c
BK
999
_c
55438
_d
55438